Programme of the Slovak and Czech Government as the Chief Issue for the Senior's Social Ensurance

Analýza sociálneho zabezpečenia seniorov v programovom vyhlásení vlády SR vo volebnom období 2016-2020. Programové vyhlásenie vlády ČR vo volebnom období 2017-2021. Komparácia programových vyhlásení vlád SR a ČR v oblasti sociálneho zabezpečenia seniorov.

Salvato in:
Dettagli Bibliografici
Autore principale: Bočáková, Oľga
Altri autori: Potočný, Maroš
Natura: Capitolo di libro
Lingua:inglese
Soggetti:
Tags: Aggiungi Tag
Nessun Tag, puoi essere il primo ad aggiungerne!!

MARC

LEADER 00000naa$a2200000$$$4500
001 0248398
005 20200329143840.6
041 0 |a eng 
044 |a CZ 
245 1 0 |a Programme of the Slovak and Czech Government as the Chief Issue for the Senior's Social Ensurance  |c Oľga Bočáková, Maroš Potočný 
520 |a Analýza sociálneho zabezpečenia seniorov v programovom vyhlásení vlády SR vo volebnom období 2016-2020. Programové vyhlásenie vlády ČR vo volebnom období 2017-2021. Komparácia programových vyhlásení vlád SR a ČR v oblasti sociálneho zabezpečenia seniorov. 
610 2 0 |a zabezpečenie sociálne 
610 2 0 |a služby starostlivosti sociálnej 
610 2 0 |a služby sociálne 
610 2 0 |a dôchodky starobné 
610 2 0 |a sporenie dôchodkové doplnkové 
610 2 0 |a dôchodcovia 
610 2 0 |a seniori 
610 2 0 |a Slovensko 
610 2 0 |a Česko 
100 1 |a Bočáková, Oľga 
700 1 |a Potočný, Maroš